Statistics for People That Walked On The Moon

Click here to take the quiz!

General Stats

  • This quiz has been taken 5 times
  • The average score is 5 of 12

Answer Stats

No.Astronauts% Correct
2Buzz Aldrin
100%
1Neil Armstrong
100%
11Gene Cernan
50%
12Harrison Schmitt
50%
3Pete Conrad
50%
4Alan Bean
25%
5Alan Shepard
25%
10Charles Duke
25%
7David Scott
25%
6Edgar Mitchell
25%
8James Irwin
25%
9John Young
25%

Score Distribution

Percentile by Number Answered

Percent of People with Each Score

Your Score History

You have not taken this quiz